| 000 | 00407pam a2200157a 44500 | ||
|---|---|---|---|
| 008 | 230515b1993 xxu||||| |||| 00| 0 eng d | ||
| 020 | _a- | ||
| 041 | _aMARATHI | ||
| 082 | _a491.46 PHA | ||
| 100 | _aPHADAKE BHALCHANDRA | ||
| 245 | _aKUMARBHARATI STD. 10TH | ||
| 250 | _aREPRI | ||
| 260 |
_aPUNE _bMAHARASHTRA STATE BUREAU TEXT BOOK _c1993 |
||
| 300 | _a160 | ||
| 650 | _aKUMARBHARATI STD. 10TH, MARATHI | ||
| 999 |
_c513941 _d513941 |
||